Central Library OPAC University of Rajshahi

The Poems of Alexander Pope / (Record no. 77193)

MARC details
000 -LEADER
fixed length control field 01438nam a2200337 a 4500
001 - CONTROL NUMBER
control field 77193
003 - CONTROL NUMBER IDENTIFIER
rucl marc code BD-RjUL
005 - DATE AND TIME OF LATEST TRANSACTION
control field 20211209082936.0
008 - FIXED-LENGTH DATA ELEMENTS--GENERAL INFORMATION
fixed length control field 200302m1953 enka b 001 0 eng d
035 ## - SYSTEM CONTROL NUMBER
System control number (BD-RjUL)77417
040 ## - CATALOGING SOURCE
Original cataloging agency TMN
Transcribing agency TMN
Modifying agency EQO
-- BD-RjUL
Language of cataloging eng
041 ## - LANGUAGE CODE
Language code of text/sound track or separate title eng
082 04 - DEWEY DECIMAL CLASSIFICATION NUMBER
Classification number 821.5
Author mark and year POP V-4-5 1953
100 1# - MAIN ENTRY--PERSONAL NAME
Personal name Pope, Alexander,
Dates associated with a name 1688-1744.
9 (RLIN) 55318
245 14 - TITLE STATEMENT
Title The Poems of Alexander Pope /
Statement of responsibility, etc. Alexander Pope
246 ## - VARYING FORM OF TITLE
Title proper/short title Imitations of Horace with an Epistle to Dr Arbuthnot and the Epilogue to the Satires (V-4)
Title proper/short title The Dunciad (V-5)
250 ## - EDITION STATEMENT
Edition statement 2nd ed., rev.
260 ## - PUBLICATION, DISTRIBUTION, ETC. (IMPRINT)
Place of publication, distribution, etc. London:
Name of publisher, distributor, etc. Methuen,
Date of publication, distribution, etc. 1953
300 ## - PHYSICAL DESCRIPTION
Pagination v. :
Illustrations ill. ;
Size 22 cm.
490 1# - SERIES STATEMENT
Series statement The Twickenham edition of the poems of Alexander Pope ;
Volume/sequential designation v. 4
Series statement The Twickenham edition of the poems of Alexander Pope ;
Volume/sequential designation v. 5 (2nd ed. rev.)
504 ## - BIBLIOGRAPHY, ETC. NOTE
Bibliography, etc Includes bibliographical references and index.
505 0# - FORMATTED CONTENTS NOTE
Formatted contents note Vol. 4 Imitations of Horace with an Epistle to Dr Arbuthnot and the Epilogue to the Satires / Edited by John Butt. -- v. 5. The Dunciad / Edited by James Sutherland.--
650 ## - SUBJECT ADDED ENTRY--TOPICAL TERM
Topical term or geographic name as entry element English Poetry
9 (RLIN) 240200
700 1# - ADDED ENTRY--PERSONAL NAME
Personal name Butt, John, ed.
Personal name Sutherland, James,
Dates associated with a name 1900- , ed.
830 ## - SERIES ADDED ENTRY--UNIFORM TITLE
Uniform title The Twickenham edition of the poems of Alexander Pope ;
Volume number/sequential designation v. 4
Uniform title The Twickenham edition of the poems of Alexander Pope ;
Volume number/sequential designation v. 5 (2nd ed. rev.)
942 ## - ADDED ENTRY ELEMENTS (KOHA)
Source of classification or shelving scheme Dewey Decimal Classification
Koha item type Books
Holdings
Lost status Source of classification or shelving scheme Damaged status Not for loan Collection code Permanent Location Current Location Shelving location Date acquired Source of acquisition Cost, normal purchase price Total Checkouts Full call number Date last seen Copy number Koha item type
  Dewey Decimal Classification   Not For Loan Non-fiction Central Library, University of Rajshahi Central Library, University of Rajshahi Reading Room 07/06/1955 Allies Book Corp. 16.14   821.5 POP V-4 1953 02/03/2020 C-1 Books
  Dewey Decimal Classification     Non-fiction Central Library, University of Rajshahi Central Library, University of Rajshahi   26/09/1955 B. H. Blackwell 1.10   821.5 POP V-4 1953 02/03/2020 C-2 Books
  Dewey Decimal Classification     Non-fiction Central Library, University of Rajshahi Central Library, University of Rajshahi   26/09/1955 B. H. Blackwell 1.15   821.5 POP V-5 1953 02/03/2020 C-2 Books